मनस्विनीSां िंSाात्न (Record no. 292820)

MARC details
000 -LEADER
fixed length control field 00585nam a2200169Ia 4500
008 - FIXED-LENGTH DATA ELEMENTS--GENERAL INFORMATION
fixed length control field 090711s9999 xx 000 0 und d
082 ## - DEWEY DECIMAL CLASSIFICATION NUMBER
Item number 358
100 ## - MAIN ENTRY--PERSONAL NAME
Personal name बेडेकर मालतीबाई
245 ## - TITLE STATEMENT
Title मनस्विनीSां िंSाात्न
260 ## - PUBLICATION, DISTRIBUTION, ETC. (IMPRINT)
Date of publication, distribution, etc 1969
300 ## - PHYSICAL DESCRIPTION
Extent 101
600 ## - SUBJECT ADDED ENTRY--PERSONAL NAME
Personal name बेडेकर मालतीबाई
630 ## - SUBJECT ADDED ENTRY--UNIFORM TITLE
Uniform title मनस्विनीSां िंSाात्न
700 ## - ADDED ENTRY--PERSONAL NAME
Personal name बेडेकर मालतीबाई
730 ## - ADDED ENTRY--UNIFORM TITLE
Uniform title मनस्विनीSां िंSाात्न
942 ## - ADDED ENTRY ELEMENTS (KOHA)
Koha item type Book

No items available.